<?xml version="1.0" encoding="UTF-8"?>
<record
    xmlns:xsi="http://www.w3.org/2001/XMLSchema-instance"
    xsi:schemaLocation="http://www.loc.gov/MARC21/slim http://www.loc.gov/standards/marcxml/schema/MARC21slim.xsd"
    xmlns="http://www.loc.gov/MARC21/slim">

  <leader>00705cam a22002418i 4500</leader>
  <datafield tag="999" ind1=" " ind2=" ">
    <subfield code="c">129798</subfield>
    <subfield code="d">129798</subfield>
  </datafield>
  <controlfield tag="001">18620324</controlfield>
  <controlfield tag="005">20230301120151.0</controlfield>
  <controlfield tag="008">150513s2016    enk           001 0 eng  </controlfield>
  <datafield tag="020" ind1=" " ind2=" ">
    <subfield code="a">9781118408674 (pbk.)</subfield>
  </datafield>
  <datafield tag="020" ind1=" " ind2=" ">
    <subfield code="a">9781119495901 (pbk)  [144528 to 144534, pages 416]</subfield>
  </datafield>
  <datafield tag="040" ind1=" " ind2=" ">
    <subfield code="c">PK-LaUMT</subfield>
  </datafield>
  <datafield tag="082" ind1="0" ind2="0">
    <subfield code="a">616.15</subfield>
    <subfield code="2">23</subfield>
    <subfield code="b">HOF-H</subfield>
  </datafield>
  <datafield tag="100" ind1="1" ind2=" ">
    <subfield code="a">Hoffbrand, A. V.</subfield>
  </datafield>
  <datafield tag="245" ind1="1" ind2="0">
    <subfield code="a">Hoffbrand's essential haematology /</subfield>
    <subfield code="c">by A. Victor Hoffbrand and David P. Steensma</subfield>
  </datafield>
  <datafield tag="250" ind1=" " ind2=" ">
    <subfield code="a">8th ed.</subfield>
  </datafield>
  <datafield tag="260" ind1=" " ind2=" ">
    <subfield code="a">Oxford :</subfield>
    <subfield code="b">Wiley Blackwell,</subfield>
    <subfield code="c">2020</subfield>
  </datafield>
  <datafield tag="300" ind1=" " ind2=" ">
    <subfield code="a">417 p. ;</subfield>
    <subfield code="c">cm.</subfield>
  </datafield>
  <datafield tag="490" ind1="1" ind2=" ">
    <subfield code="a">Essentials</subfield>
  </datafield>
  <datafield tag="500" ind1=" " ind2=" ">
    <subfield code="a">Includes index.</subfield>
  </datafield>
  <datafield tag="650" ind1="1" ind2="2">
    <subfield code="a">Hematologic Diseases.</subfield>
  </datafield>
  <datafield tag="700" ind1="1" ind2=" ">
    <subfield code="a">Moss, P. A. H.,</subfield>
  </datafield>
  <datafield tag="942" ind1=" " ind2=" ">
    <subfield code="c">BK</subfield>
  </datafield>
  <datafield tag="952" ind1=" " ind2=" ">
    <subfield code="0">0</subfield>
    <subfield code="1">0</subfield>
    <subfield code="4">0</subfield>
    <subfield code="7">0</subfield>
    <subfield code="a">HSC</subfield>
    <subfield code="b">HSC</subfield>
    <subfield code="d">2022-12-15</subfield>
    <subfield code="l">6</subfield>
    <subfield code="o">616.15 HOF-H</subfield>
    <subfield code="p">144121</subfield>
    <subfield code="r">2025-03-14 09:40:23</subfield>
    <subfield code="s">2025-02-18</subfield>
    <subfield code="w">2022-12-15</subfield>
    <subfield code="y">BK</subfield>
  </datafield>
  <datafield tag="952" ind1=" " ind2=" ">
    <subfield code="0">0</subfield>
    <subfield code="1">0</subfield>
    <subfield code="4">0</subfield>
    <subfield code="7">0</subfield>
    <subfield code="a">HSC</subfield>
    <subfield code="b">HSC</subfield>
    <subfield code="d">2022-12-15</subfield>
    <subfield code="l">4</subfield>
    <subfield code="o">616.15 HOF-H</subfield>
    <subfield code="p">144122</subfield>
    <subfield code="r">2024-12-23 08:32:04</subfield>
    <subfield code="s">2024-12-13</subfield>
    <subfield code="t">C.2</subfield>
    <subfield code="w">2022-12-15</subfield>
    <subfield code="y">BK</subfield>
  </datafield>
  <datafield tag="952" ind1=" " ind2=" ">
    <subfield code="0">0</subfield>
    <subfield code="1">0</subfield>
    <subfield code="4">0</subfield>
    <subfield code="7">0</subfield>
    <subfield code="a">HSC</subfield>
    <subfield code="b">HSC</subfield>
    <subfield code="d">2022-12-15</subfield>
    <subfield code="l">5</subfield>
    <subfield code="o">616.15 HOF-H</subfield>
    <subfield code="p">144123</subfield>
    <subfield code="r">2025-01-30 13:31:54</subfield>
    <subfield code="s">2025-01-24</subfield>
    <subfield code="t">C.3</subfield>
    <subfield code="w">2022-12-15</subfield>
    <subfield code="y">BK</subfield>
  </datafield>
  <datafield tag="952" ind1=" " ind2=" ">
    <subfield code="0">0</subfield>
    <subfield code="1">0</subfield>
    <subfield code="4">0</subfield>
    <subfield code="7">0</subfield>
    <subfield code="a">HSC</subfield>
    <subfield code="b">HSC</subfield>
    <subfield code="d">2023-03-01</subfield>
    <subfield code="l">7</subfield>
    <subfield code="o">616.15 HOF-H</subfield>
    <subfield code="p">144528</subfield>
    <subfield code="r">2025-03-03 08:19:10</subfield>
    <subfield code="s">2025-02-19</subfield>
    <subfield code="t">C.4</subfield>
    <subfield code="w">2023-03-01</subfield>
    <subfield code="y">BK</subfield>
  </datafield>
  <datafield tag="952" ind1=" " ind2=" ">
    <subfield code="0">0</subfield>
    <subfield code="1">0</subfield>
    <subfield code="4">0</subfield>
    <subfield code="7">0</subfield>
    <subfield code="a">HSC</subfield>
    <subfield code="b">HSC</subfield>
    <subfield code="d">2023-03-01</subfield>
    <subfield code="l">7</subfield>
    <subfield code="o">616.15 HOF-H</subfield>
    <subfield code="p">144529</subfield>
    <subfield code="r">2025-03-05 12:03:27</subfield>
    <subfield code="s">2025-02-21</subfield>
    <subfield code="t">C.5</subfield>
    <subfield code="w">2023-03-01</subfield>
    <subfield code="y">BK</subfield>
  </datafield>
  <datafield tag="952" ind1=" " ind2=" ">
    <subfield code="0">0</subfield>
    <subfield code="1">0</subfield>
    <subfield code="4">0</subfield>
    <subfield code="7">0</subfield>
    <subfield code="a">HSC</subfield>
    <subfield code="b">HSC</subfield>
    <subfield code="d">2023-03-01</subfield>
    <subfield code="l">1</subfield>
    <subfield code="o">616.15 HOF-H</subfield>
    <subfield code="p">144530</subfield>
    <subfield code="q">2024-12-09</subfield>
    <subfield code="r">2024-11-25 16:14:07</subfield>
    <subfield code="s">2024-11-25</subfield>
    <subfield code="t">C.6</subfield>
    <subfield code="w">2023-03-01</subfield>
    <subfield code="y">BK</subfield>
  </datafield>
  <datafield tag="952" ind1=" " ind2=" ">
    <subfield code="0">0</subfield>
    <subfield code="1">0</subfield>
    <subfield code="4">0</subfield>
    <subfield code="7">0</subfield>
    <subfield code="a">HSC</subfield>
    <subfield code="b">HSC</subfield>
    <subfield code="d">2023-03-01</subfield>
    <subfield code="l">2</subfield>
    <subfield code="o">616.15 HOF-H</subfield>
    <subfield code="p">144531</subfield>
    <subfield code="r">2024-12-16 15:27:10</subfield>
    <subfield code="s">2024-12-05</subfield>
    <subfield code="t">C.7</subfield>
    <subfield code="w">2023-03-01</subfield>
    <subfield code="y">BK</subfield>
  </datafield>
  <datafield tag="952" ind1=" " ind2=" ">
    <subfield code="0">0</subfield>
    <subfield code="1">0</subfield>
    <subfield code="4">0</subfield>
    <subfield code="7">0</subfield>
    <subfield code="a">HSC</subfield>
    <subfield code="b">HSC</subfield>
    <subfield code="d">2023-03-01</subfield>
    <subfield code="l">3</subfield>
    <subfield code="o">616.15 HOF-H</subfield>
    <subfield code="p">144532</subfield>
    <subfield code="r">2025-12-22 14:24:07</subfield>
    <subfield code="s">2025-11-19</subfield>
    <subfield code="t">C.8</subfield>
    <subfield code="w">2023-03-01</subfield>
    <subfield code="y">BK</subfield>
  </datafield>
  <datafield tag="952" ind1=" " ind2=" ">
    <subfield code="0">0</subfield>
    <subfield code="1">0</subfield>
    <subfield code="4">0</subfield>
    <subfield code="7">0</subfield>
    <subfield code="a">HSC</subfield>
    <subfield code="b">HSC</subfield>
    <subfield code="d">2023-03-01</subfield>
    <subfield code="l">5</subfield>
    <subfield code="o">616.15 HOF-H</subfield>
    <subfield code="p">144533</subfield>
    <subfield code="r">2025-03-07 10:12:21</subfield>
    <subfield code="s">2025-02-20</subfield>
    <subfield code="t">C.9</subfield>
    <subfield code="w">2023-03-01</subfield>
    <subfield code="y">BK</subfield>
  </datafield>
  <datafield tag="952" ind1=" " ind2=" ">
    <subfield code="0">0</subfield>
    <subfield code="1">0</subfield>
    <subfield code="4">0</subfield>
    <subfield code="7">0</subfield>
    <subfield code="a">HSC</subfield>
    <subfield code="b">HSC</subfield>
    <subfield code="d">2023-03-01</subfield>
    <subfield code="l">1</subfield>
    <subfield code="o">616.15 HOF-H</subfield>
    <subfield code="p">144534</subfield>
    <subfield code="r">2024-12-09 09:47:40</subfield>
    <subfield code="s">2024-11-21</subfield>
    <subfield code="t">C.10</subfield>
    <subfield code="w">2023-03-01</subfield>
    <subfield code="y">BK</subfield>
  </datafield>
</record>
